Recruitment & selection/ (Record no. 79954)
[ view plain ]
| 000 -LEADER | |
|---|---|
| fixed length control field | 00914nam a22002777a 4500 |
| 003 - CONTROL NUMBER IDENTIFIER | |
| control field | URS |
| 005 - DATE AND TIME OF LATEST TRANSACTION | |
| control field | 20240716174851.0 |
| 008 - FIXED-LENGTH DATA ELEMENTS--GENERAL INFORMATION | |
| fixed length control field | 240604t2021 ph ||||| |||| 00| 0 eng d |
| 020 ## - INTERNATIONAL STANDARD BOOK NUMBER | |
| International Standard Book Number | 9786214060290 |
| 040 ## - CATALOGING SOURCE | |
| Original cataloging agency | DLC |
| Language of cataloging | eng |
| Transcribing agency | DLC |
| Modifying agency | DLC |
| -- | URS |
| Description conventions | rda |
| 082 ## - DEWEY DECIMAL CLASSIFICATION NUMBER | |
| Classification number | 658.31 |
| Item number | S9212 2021 |
| 100 ## - MAIN ENTRY--PERSONAL NAME | |
| Personal name | Saidali, Margarita R. |
| Relator term | author |
| 245 ## - TITLE STATEMENT | |
| Title | Recruitment & selection/ |
| Statement of responsibility, etc. | Margarita R. Saidali and Jamael Ferdinand R. Saidali. |
| 264 ## - PRODUCTION, PUBLICATION, DISTRIBUTION, MANUFACTURE, AND COPYRIGHT NOTICE | |
| Place of production, publication, distribution, manufacture | Philippines: |
| Name of producer, publisher, distributor, manufacturer | Mindshapers Co., Inc., |
| Date of production, publication, distribution, manufacture, or copyright notice | [2021] |
| 300 ## - PHYSICAL DESCRIPTION | |
| Extent | viii, 196 pages; |
| Dimensions | 25 cm. |
| 336 ## - CONTENT TYPE | |
| Source | rdacontent |
| Content type term | text |
| Content type code | txt |
| 337 ## - MEDIA TYPE | |
| Source | rdamedia |
| Media type term | unmediated |
| Media type code | n |
| 338 ## - CARRIER TYPE | |
| Source | rdacarrier |
| Carrier type term | volume |
| Carrier type code | nc |
| 504 ## - BIBLIOGRAPHY, ETC. NOTE | |
| Bibliography, etc. note | Includes bibliographical references (pages 195-196) |
| 650 ## - SUBJECT ADDED ENTRY--TOPICAL TERM | |
| Topical term or geographic name entry element | Personnel management |
| 650 ## - SUBJECT ADDED ENTRY--TOPICAL TERM | |
| Topical term or geographic name entry element | Employment interviewing |
| 650 ## - SUBJECT ADDED ENTRY--TOPICAL TERM | |
| Topical term or geographic name entry element | Job recruitment |
| 650 ## - SUBJECT ADDED ENTRY--TOPICAL TERM | |
| Topical term or geographic name entry element | Employee selection |
| 700 ## - ADDED ENTRY--PERSONAL NAME | |
| Personal name | Saidali, Jamael Ferdinand R. |
| Relator term | author |
| 942 ## - ADDED ENTRY ELEMENTS (KOHA) | |
| Source of classification or shelving scheme | Dewey Decimal Classification |
| Koha item type | Filipiniana |
| Withdrawn status | Source of classification or shelving scheme | Damaged status | Not for loan | Home library | Current library | Shelving location | Date acquired | Total Checkouts | Full call number | Barcode | Date last seen | Copy number | Price effective from | Koha item type |
|---|---|---|---|---|---|---|---|---|---|---|---|---|---|---|
| Library of Congress Classification | Binangonan College Library | Binangonan College Library | Filipiniana Section | 06/30/2025 | HF 5549.5 S132 2021 | URSBIN-3933 | 06/30/2025 | 06/30/2025 | Filipiniana | |||||
| Dewey Decimal Classification | Pililla College Library | Pililla College Library | Filipiniana Section | 06/04/2024 | 658.31 S9212 2021 | URSPIL-7050 | 06/04/2024 | 1 | 06/04/2024 | Filipiniana | ||||
| Dewey Decimal Classification | Pililla College Library | Pililla College Library | Filipiniana Section | 06/04/2024 | 658.31 S9212 2021 | URSPIL-7051 | 06/04/2024 | 2 | 06/04/2024 | Filipiniana |